[Event "NB II. Toth Laszlo csoport"]
[Site "Mako"]
[Date "2023.10.08"]
[Round "1.4"]
[White "Restas, Peter"]
[Black "Kulcsar, Jozsef"]
[Result "1-0"]
[WhiteElo "1957"]
[BlackElo "2065"]
[PlyCount "80"]
[EventDate "2023.10.08"]
[EventType "team-tourn"]
[EventRounds "9"]
[EventCountry "HUN"]
[Source "chess.hu"]
[WhiteTeam "Duocor-Makoi SVSE II"]
[BlackTeam "Oroshazi SE"]
[WhiteTeamCountry "HUN"]
[BlackTeamCountry "HUN"]

1. c4 Nf6 2. Nc3 c6 3. e4 e5 4. Nf3 d6 5. d4 Bg4 6. Be2 Bxf3 7. Bxf3 Be7 8. Be3
O-O 9. Qd2 Nbd7 10. Be2 Re8 11. O-O Bf8 12. f3 Qc7 13. Rfd1 a6 14. Rac1 Rac8
15. b4 Qb8 16. b5 axb5 17. cxb5 c5 18. dxe5 dxe5 19. a4 b6 20. Bc4 Qc7 21. Qa2
Nb8 22. Bg5 Qa7 23. a5 bxa5 24. b6 Qb7 25. Bxf6 gxf6 26. Nd5 Kg7 27. Qxa5 Nc6
28. Qe1 Be7 29. Ra1 Ra8 30. Nc7 Rac8 31. Nxe8+ Rxe8 32. Qg3+ Kh8 33. Bxf7 Rf8
34. Bd5 Qxb6 35. Bxc6 Qxc6 36. Ra7 c4 37. Kh1 Re8 38. Rdd7 Qb5 39. h4 Qb4 40.
Rxe7 Rxe7 1-0

[Event "NB II. Toth Laszlo csoport"]
[Site "Mako"]
[Date "2023.10.08"]
[Round "1.5"]
[White "Bacsi, Kristof"]
[Black "Csikos, Mihaly"]
[Result "1-0"]
[WhiteElo "1888"]
[BlackElo "2039"]
[PlyCount "59"]
[EventDate "2023.10.08"]
[EventType "team-tourn"]
[EventRounds "9"]
[EventCountry "HUN"]
[Source "chess.hu"]
[WhiteTeam "Oroshazi SE"]
[BlackTeam "Duocor-Makoi SVSE II"]
[WhiteTeamCountry "HUN"]
[BlackTeamCountry "HUN"]

1. d4 d5 2. Nf3 e6 3. c4 Nf6 4. Nc3 c6 5. e3 Bd6 6. Bd3 Nbd7 7. O-O O-O 8. e4
dxe4 9. Nxe4 Nxe4 10. Bxe4 Nf6 11. Bc2 b6 12. Bd2 Bb7 13. Bc3 Qe7 14. Qe2 Bb4
15. Bxb4 Qxb4 16. Rfd1 Rfd8 17. Rac1 c5 18. dxc5 Qxc5 19. Ne5 g6 20. b3 Nh5 21.
g3 Nf6 22. h4 Kg7 23. Kh2 Qxe5 24. Qxe5 Bf3 25. Rd3 Rxd3 26. Bxd3 Rd8 27. Be2
Be4 28. g4 Rd2 29. g5 Rxe2 30. gxf6+ 1-0

[Event "NB II. Toth Laszlo csoport"]
[Site "Mako"]
[Date "2023.10.08"]
[Round "1.6"]
[White "Diamant, Tibor"]
[Black "Monus, Zoltan"]
[Result "1/2-1/2"]
[WhiteElo "1952"]
[BlackElo "1933"]
[PlyCount "49"]
[EventDate "2023.10.08"]
[EventType "team-tourn"]
[EventRounds "9"]
[EventCountry "HUN"]
[Source "chess.hu"]
[WhiteTeam "Duocor-Makoi SVSE II"]
[BlackTeam "Oroshazi SE"]
[WhiteTeamCountry "HUN"]
[BlackTeamCountry "HUN"]

1. e4 Nf6 2. e5 Nd5 3. d4 d6 4. Nf3 dxe5 5. Nxe5 c6 6. c3 Nd7 7. Nf3 N7f6 8.
Be3 g6 9. Na3 Nxe3 10. fxe3 Bh6 11. Nc2 Qb6 12. Rb1 Bf5 13. Bd3 Qa5 14. a3 Bxd3
15. Qxd3 Qf5 16. Qxf5 gxf5 17. g3 Rg8 18. Ke2 e6 19. Ne5 Ne4 20. a4 f6 21. Nd3
Ke7 22. Nf2 Rg5 23. Rbd1 Rd8 24. Kf3 Nxf2 25. Kxf2 1/2-1/2

[Event "NB II. Toth Laszlo csoport"]
[Site "Mako"]
[Date "2023.10.08"]
[Round "1.7"]
[White "Biro, Istvan"]
[Black "Kovacs, Arthur Dr"]
[Result "1/2-1/2"]
[WhiteElo "1979"]
[BlackElo "1899"]
[PlyCount "101"]
[EventDate "2023.10.08"]
[EventType "team-tourn"]
[EventRounds "9"]
[EventCountry "HUN"]
[Source "chess.hu"]
[WhiteTeam "Oroshazi SE"]
[BlackTeam "Duocor-Makoi SVSE II"]
[WhiteTeamCountry "HUN"]
[BlackTeamCountry "HUN"]

1. d4 d5 2. c4 e6 3. Nc3 Nf6 4. cxd5 exd5 5. Bg5 Be7 6. e3 O-O 7. Bd3 c6 8. Qc2
Nbd7 9. Nge2 Re8 10. O-O Nf8 11. Rad1 g6 12. f3 Ne6 13. Bh4 b5 14. Bf2 Bb7 15.
Rfe1 Rc8 16. Qd2 a6 17. Rc1 c5 18. dxc5 Bxc5 19. Nd4 Nxd4 20. exd4 Bd6 21. Bh4
Be7 22. Re2 Qb6 23. Bf2 Bf8 24. Rce1 Rxe2 25. Nxe2 Bg7 26. Rc1 Rxc1+ 27. Qxc1
Qc6 28. Qf4 h6 29. g4 Nd7 30. Be3 Nf8 31. Qg3 Ne6 32. f4 Qc7 33. Qf3 Qb6 34.
Qf2 Nf8 35. f5 Qf6 36. Kg2 Bc8 37. Ng3 g5 38. Nh5 Qd6 39. Qc2 Bd7 40. h3 Nh7
41. Nxg7 Kxg7 42. Qc5 Qc6 43. Bf2 Nf6 44. Bg3 Ne4 45. Be5+ f6 46. Qe7+ Kg8 47.
Bxe4 dxe4 48. Bxf6 Qc2+ 49. Kf1 Qd1+ 50. Kf2 Qd2+ 51. Kg1 1/2-1/2

[Event "NB II. Toth Laszlo csoport"]
[Site "Mako"]
[Date "2023.10.08"]
[Round "1.8"]
[White "Balassy, Gabor"]
[Black "Berta, Gergely"]
[Result "1-0"]
[WhiteElo "1843"]
[BlackElo "1988"]
[PlyCount "59"]
[EventDate "2023.10.08"]
[EventType "team-tourn"]
[EventRounds "9"]
[EventCountry "HUN"]
[Source "chess.hu"]
[WhiteTeam "Duocor-Makoi SVSE II"]
[BlackTeam "Oroshazi SE"]
[WhiteTeamCountry "HUN"]
[BlackTeamCountry "HUN"]

1. d4 Nf6 2. Nf3 g6 3. g3 Bg7 4. Bg2 O-O 5. O-O d6 6. Nbd2 Nbd7 7. e4 e5 8. c3
Re8 9. d5 a5 10. Qc2 b5 11. b3 Nb6 12. Re1 Nh5 13. Bf1 Bd7 14. c4 bxc4 15. Bxc4
f5 16. Bb2 Nf6 17. Rad1 fxe4 18. Nxe4 Nxe4 19. Qxe4 Rf8 20. Nd2 Qf6 21. Qe3
Nxc4 22. bxc4 Bg4 23. Ne4 Qe7 24. Rd2 Rf5 25. c5 Rh5 26. cxd6 cxd6 27. Qb6 Rd8
28. Ba3 Bf8 29. Rc2 Bf3 30. Rc7 1-0

[Event "NB II. Toth Laszlo csoport"]
[Site "Mako"]
[Date "2023.10.08"]
[Round "1.9"]
[White "Safran, Istvan"]
[Black "Hajnal, Bence"]
[Result "0-1"]
[WhiteElo "1713"]
[BlackElo "1796"]
[PlyCount "103"]
[EventDate "2023.10.08"]
[EventType "team-tourn"]
[EventRounds "9"]
[EventCountry "HUN"]
[Source "chess.hu"]
[WhiteTeam "Oroshazi SE"]
[BlackTeam "Duocor-Makoi SVSE II"]
[WhiteTeamCountry "HUN"]
[BlackTeamCountry "HUN"]

1. b4 e6 2. Bb2 Nf6 3. a3 b6 4. Nf3 Bb7 5. e3 d6 6. d4 Nbd7 7. Nbd2 Be7 8. Bd3
h6 9. c4 a5 10. O-O g5 11. Kh1 g4 12. Ng1 Rg8 13. Ne2 h5 14. e4 axb4 15. axb4
Rxa1 16. Qxa1 d5 17. cxd5 exd5 18. e5 Bxb4 19. Bc3 Bxc3 20. Nxc3 Ne4 21. Ndxe4
dxe4 22. Bxe4 Bxe4 23. Nxe4 f5 24. Ng3 Qg5 25. Nxf5 Rf8 26. Ne3 g3 27. hxg3 h4
28. g4 h3 29. g3 Qg6 30. Qa8+ Ke7 31. Qd5 c6 32. Nf5+ Kd8 33. Qe4 Qe6 34. Kh2
Nf6 35. Qf4 Nxg4+ 36. Qxg4 Rxf5 37. Qh4+ Kc7 38. Qxh3 Qf7 39. Kg1 Rh5 40. Qg2
Qc4 41. Rd1 Qc2 42. Qf3 Rf5 43. Rd2 Rxf3 44. Rxc2 Rd3 45. Rc4 b5 46. Rb4 Kd7
47. Kf1 Ke6 48. Ke2 Ra3 49. Rb2 Kd5 50. Rd2 b4 51. Kd1 b3 52. Re2 0-1

[Event "NB II. Toth Laszlo csoport"]
[Site "Mako"]
[Date "2023.10.08"]
[Round "1.10"]
[White "Gyori, Gabor"]
[Black "Pasztorcsik, Janos"]
[Result "1/2-1/2"]
[WhiteElo "1625"]
[BlackElo "1764"]
[PlyCount "20"]
[EventDate "2023.10.08"]
[EventType "team-tourn"]
[EventRounds "9"]
[EventCountry "HUN"]
[Source "chess.hu"]
[WhiteTeam "Duocor-Makoi SVSE II"]
[BlackTeam "Oroshazi SE"]
[WhiteTeamCountry "HUN"]
[BlackTeamCountry "HUN"]

1. Nf3 Nf6 2. d4 g6 3. c4 Bg7 4. Nc3 d5 5. cxd5 Nxd5 6. Bd2 O-O 7. e3 b6 8. Bc4
Bb7 9. O-O e6 10. Rc1 Nd7 1/2-1/2

[Event "NB II. Toth Laszlo csoport"]
[Site "Mako"]
[Date "2023.10.08"]
[Round "1.11"]
[White "Hatos, Istvan"]
[Black "Vass, Szabolcs"]
[Result "0-1"]
[WhiteElo "1563"]
[BlackElo "1634"]
[PlyCount "96"]
[EventDate "2023.10.08"]
[EventType "team-tourn"]
[EventRounds "9"]
[EventCountry "HUN"]
[Source "chess.hu"]
[WhiteTeam "Oroshazi SE"]
[BlackTeam "Duocor-Makoi SVSE II"]
[WhiteTeamCountry "HUN"]
[BlackTeamCountry "HUN"]

1. d4 d5 2. c4 e6 3. e3 Nf6 4. Nf3 Be7 5. Be2 O-O 6. O-O a6 7. a3 Nbd7 8. b3 c5
9. Bb2 Ne4 10. Nbd2 Ndf6 11. Nxe4 Nxe4 12. Nd2 Nf6 13. Qc2 b6 14. cxd5 exd5 15.
Bf3 Be6 16. Rfc1 Rc8 17. Qd3 a5 18. Rc3 Qd7 19. Rac1 Bf5 20. e4 Bg4 21. e5 Nh5
22. Qe2 Nf4 23. Qd1 Bf5 24. Nf1 Bg5 25. Ne3 Be4 26. Bxe4 dxe4 27. d5 Nd3 28.
R1c2 Bxe3 29. fxe3 Qxd5 30. Rd2 c4 31. Rxc4 Rxc4 32. bxc4 Qxc4 33. Bd4 b5 34.
Qc2 Rc8 35. Qxc4 Rxc4 36. h3 h5 37. h4 b4 38. axb4 axb4 39. Ra2 b3 40. Ra8+ Kh7
41. Rb8 Rb4 42. Rxb4 Nxb4 43. Kf1 Nd3 44. Ke2 b2 45. Bxb2 Nxb2 46. Kd2 Kg6 47.
Kc3 Nd3 48. Kd4 Kf5 0-1

[Event "NB II. Toth Laszlo csoport"]
[Site "Kecskemet"]
[Date "2023.10.08"]
[Round "1.1"]
[White "Samu, Gabor Jr"]
[Black "Csvila, Gabor"]
[Result "1/2-1/2"]
[WhiteElo "2332"]
[BlackElo "2121"]
[PlyCount "111"]
[EventDate "2023.10.08"]
[EventType "team-tourn"]
[EventRounds "9"]
[EventCountry "HUN"]
[Source "chess.hu"]
[WhiteTeam "Bekesi TE"]
[BlackTeam "Neumann J. Egyetem"]
[WhiteTeamCountry "HUN"]
[BlackTeamCountry "HUN"]

1. d4 Nf6 2. c4 g6 3. g3 Bg7 4. Bg2 O-O 5. Nc3 d6 6. Nf3 Nbd7 7. O-O e5 8. e4
c6 9. h3 exd4 10. Nxd4 Nc5 11. Be3 Re8 12. Qc2 Qe7 13. Bg5 h6 14. Bxf6 Bxf6 15.
Rad1 Ne6 16. Nxe6 Bxe6 17. Ne2 Red8 18. Nf4 Rac8 19. Rfe1 b5 20. Bf1 a6 21. b3
Be5 22. Nxe6 Qxe6 23. Qd2 Kg7 24. f4 Bf6 25. Kh2 Rb8 26. Qe3 c5 27. e5 dxe5 28.
fxe5 Bg5 29. Qe2 Rd4 30. h4 Be7 31. Rxd4 cxd4 32. Bg2 bxc4 33. bxc4 Qb6 34. Rf1
Qb2 35. Qf3 Rf8 36. Rf2 Qc3 37. Qb7 Qb4 38. Qd5 Qc5 39. Be4 d3 40. Qxc5 Bxc5
41. Rb2 Rd8 42. Rd2 Be3 43. Rxd3 Rxd3 44. Bxd3 Bd4 45. c5 Bxc5 46. Bxa6 Bd4 47.
e6 fxe6 48. Kg2 Kf6 49. Kf3 h5 50. Bb5 Bc3 51. a4 Be1 52. Be8 Kf5 53. Bd7 Kf6
54. g4 hxg4+ 55. Kxg4 Bb4 56. h5 1/2-1/2

[Event "NB II. Toth Laszlo csoport"]
[Site "Kecskemet"]
[Date "2023.10.08"]
[Round "1.2"]
[White "Abel, Lajos"]
[Black "Varga, Tamas"]
[Result "1/2-1/2"]
[WhiteElo "2188"]
[BlackElo "2164"]
[PlyCount "102"]
[EventDate "2023.10.08"]
[EventType "team-tourn"]
[EventRounds "9"]
[EventCountry "HUN"]
[Source "chess.hu"]
[WhiteTeam "Neumann J. Egyetem"]
[BlackTeam "Bekesi TE"]
[WhiteTeamCountry "HUN"]
[BlackTeamCountry "HUN"]

1. d4 f5 2. Nf3 Nf6 3. g3 g6 4. b3 Bg7 5. Bb2 O-O 6. Bg2 d5 7. c4 c6 8. O-O
Nbd7 9. Nc3 e6 10. Rc1 Ne4 11. e3 g5 12. Ne1 Ndf6 13. Nd3 Bd7 14. Ne5 Nxc3 15.
Bxc3 a5 16. Bb2 Qe7 17. a4 Be8 18. Ra1 Bh5 19. Qc2 Rfc8 20. Rfc1 Nd7 21. cxd5
Nxe5 22. dxe5 exd5 23. Qxf5 Rf8 24. Qh3 Qf7 25. f4 g4 26. Qh4 h6 27. e4 dxe4
28. Bxe4 Qxb3 29. Bc3 Qb6+ 30. Kf1 Bf7 31. Qxg4 h5 32. Qf3 h4 33. Rab1 Qa6+ 34.
Kg2 Be6 35. f5 Rad8 36. Qh5 Bd5 37. Bxd5+ Rxd5 38. f6 Rxf6 39. Qe8+ Rf8 40.
Qe6+ Kh8 41. Qg4 Qa7 42. Qxh4+ Kg8 43. Rf1 Rxf1 44. Rxf1 Qe3 45. Rf3 Qe2+ 46.
Rf2 Qe3 47. Qc4 Qc5 48. Qb3 Qe3 49. Qc4 Qc5 50. Qb3 Qe3 51. Qc4 Qc5 1/2-1/2

[Event "NB II. Toth Laszlo csoport"]
[Site "Kecskemet"]
[Date "2023.10.08"]
[Round "1.3"]
[White "Szasz, Janos"]
[Black "Panda, Barnabas"]
[Result "0-1"]
[WhiteElo "2098"]
[BlackElo "1869"]
[PlyCount "48"]
[EventDate "2023.10.08"]
[EventType "team-tourn"]
[EventRounds "9"]
[EventCountry "HUN"]
[Source "chess.hu"]
[WhiteTeam "Bekesi TE"]
[BlackTeam "Neumann J. Egyetem"]
[WhiteTeamCountry "HUN"]
[BlackTeamCountry "HUN"]

1. d4 Nf6 2. c4 e6 3. Nf3 Bb4+ 4. Bd2 Bxd2+ 5. Nbxd2 d5 6. e3 O-O 7. Bd3 Qe7 8.
O-O dxc4 9. Nxc4 c5 10. dxc5 Na6 11. c6 bxc6 12. Nce5 Nb4 13. a3 Nxd3 14. Qxd3
c5 15. Rac1 Bb7 16. Qb5 Rfc8 17. Rfd1 Bd5 18. b4 cxb4 19. axb4 h6 20. Nd3 Bxf3
21. gxf3 Nd5 22. Rxc8+ Rxc8 23. Qa6 Rc2 24. Qa4 Nxe3 0-1

[Event "NB II. Toth Laszlo csoport"]
[Site "Kecskemet"]
[Date "2023.10.08"]
[Round "1.4"]
[White "Szekeres, Janos"]
[Black "Somogyi, Gabor"]
[Result "1-0"]
[WhiteElo "1931"]
[BlackElo "1858"]
[PlyCount "115"]
[EventDate "2023.10.08"]
[EventType "team-tourn"]
[EventRounds "9"]
[EventCountry "HUN"]
[Source "chess.hu"]
[WhiteTeam "Neumann J. Egyetem"]
[BlackTeam "Bekesi TE"]
[WhiteTeamCountry "HUN"]
[BlackTeamCountry "HUN"]

1. e4 e6 2. d4 d5 3. exd5 exd5 4. Bd3 Bd6 5. Nc3 c6 6. Nge2 Nf6 7. Bg5 Bg4 8.
Qd2 Nbd7 9. O-O-O Bxe2 10. Rde1 O-O 11. Rxe2 Qc7 12. f3 Rfe8 13. Kb1 Rxe2 14.
Nxe2 a5 15. Ng3 g6 16. Ne2 a4 17. Bf4 Re8 18. Bxd6 Qxd6 19. Qf4 Qxf4 20. Nxf4
Nf8 21. Kc1 Ne6 22. Nxe6 Rxe6 23. Kd2 b5 24. Re1 Rxe1 25. Kxe1 Kf8 26. Kd2 Ke7
27. Kc3 Kd6 28. Kb4 Kc7 29. b3 axb3 30. cxb3 Nd7 31. a4 bxa4 32. bxa4 Nf8 33.
a5 Ne6 34. Kc3 Nf4 35. Bf1 Ne6 36. Kd3 f6 37. Ke3 Kb7 38. h4 h6 39. Bd3 g5 40.
hxg5 hxg5 41. Bf5 Nd8 42. Bd3 Ne6 43. Bf5 Nd8 44. f4 Ka6 45. fxg5 fxg5 46. Kf3
Kxa5 47. Kg4 Kb4 48. Kxg5 Kc4 49. Kf6 Kxd4 50. g4 c5 51. g5 Nb7 52. Ke7 Ke5 53.
Bb1 Nd6 54. g6 Nc8+ 55. Kf7 Nd6+ 56. Kf8 Ne8 57. Kxe8 Kf6 58. Kf8 1-0

[Event "NB II. Toth Laszlo csoport"]
[Site "Kecskemet"]
[Date "2023.10.08"]
[Round "1.5"]
[White "Takacs, Lajos"]
[Black "Andriska, Zsolt"]
[Result "1/2-1/2"]
[WhiteElo "1965"]
[BlackElo "2026"]
[PlyCount "102"]
[EventDate "2023.10.08"]
[EventType "team-tourn"]
[EventRounds "9"]
[EventCountry "HUN"]
[Source "chess.hu"]
[WhiteTeam "Bekesi TE"]
[BlackTeam "Neumann J. Egyetem"]
[WhiteTeamCountry "HUN"]
[BlackTeamCountry "HUN"]

1. e4 d5 2. exd5 Qxd5 3. Nc3 Qd8 4. d4 Nf6 5. Bc4 c6 6. Nf3 Bf5 7. O-O e6 8.
Qe2 Be7 9. Bf4 O-O 10. Rad1 Nbd7 11. Nh4 Bg4 12. f3 Bh5 13. g4 Bg6 14. Nxg6
hxg6 15. Ne4 Nd5 16. Bg3 a6 17. Bb3 N5f6 18. Nd6 Bxd6 19. Bxd6 Re8 20. Bg3 Qb6
21. Kg2 Rad8 22. c4 c5 23. Bf2 cxd4 24. Rxd4 Qc6 25. Rfd1 b5 26. Rd6 Qb7 27.
cxb5 axb5 28. a4 Rb8 29. axb5 Nf8 30. h3 Nd5 31. Qe4 g5 32. Bxd5 exd5 33. Qxd5
Qxb5 34. Qxb5 Rxb5 35. R1d2 Ne6 36. Bg3 Ra8 37. R6d5 Rb3 38. R5d3 Rb5 39. Rc3
Ra2 40. Rcc2 Ra1 41. Kf2 Rb1 42. h4 gxh4 43. Bxh4 Nf4 44. Be7 R1xb2 45. Rxb2
Rxb2 46. Rxb2 Nd3+ 47. Ke3 Nxb2 48. Kd4 f6 49. g5 Kf7 50. gxf6 gxf6 51. Bxf6
Kxf6 1/2-1/2

[Event "NB II. Toth Laszlo csoport"]
[Site "Kecskemet"]
[Date "2023.10.08"]
[Round "1.6"]
[White "Lovas, Daniel Dr"]
[Black "Nagy, Gabor Dr"]
[Result "0-1"]
[WhiteElo "2010"]
[BlackElo "1774"]
[PlyCount "90"]
[EventDate "2023.10.08"]
[EventType "team-tourn"]
[EventRounds "9"]
[EventCountry "HUN"]
[Source "chess.hu"]
[WhiteTeam "Neumann J. Egyetem"]
[BlackTeam "Bekesi TE"]
[WhiteTeamCountry "HUN"]
[BlackTeamCountry "HUN"]

1. c4 Nf6 2. Nf3 g6 3. g3 Bg7 4. Bg2 O-O 5. O-O d6 6. Nc3 e5 7. d3 c6 8. Bd2
Qc7 9. Rc1 h6 10. b4 Be6 11. a4 Nbd7 12. Ne1 Ne8 13. a5 Rb8 14. Qa4 f5 15. a6
Nb6 16. Qa5 bxa6 17. Qxa6 Nf6 18. Qa5 Qd7 19. c5 Nbd5 20. cxd6 Nxb4 21. Qc5
Rfc8 22. Ra1 Ne8 23. Rxa7 Qxd6 24. Na4 Bf8 25. Qc1 g5 26. Nf3 f4 27. Bc3 Na2
28. Bxe5 Nxc1 29. Bxd6 Nxe2+ 30. Kh1 Nxd6 31. Re1 g4 32. Nd2 f3 33. Nxf3 gxf3
34. Bxf3 Nd4 35. Be4 Nxe4 36. dxe4 Ra8 37. Rxa8 Rxa8 38. Nb2 c5 39. f4 c4 40.
f5 c3 41. Nd3 Bc4 42. Ne5 Bb3 43. f6 c2 44. Nd3 Bc4 45. Ne5 Bb3 0-1

[Event "NB II. Toth Laszlo csoport"]
[Site "Kecskemet"]
[Date "2023.10.08"]
[Round "1.7"]
[White "Vertes, Imre"]
[Black "Talmacsi, Jozsef"]
[Result "0-1"]
[WhiteElo "1808"]
[BlackElo "2006"]
[PlyCount "22"]
[EventDate "2023.10.08"]
[EventType "team-tourn"]
[EventRounds "9"]
[EventCountry "HUN"]
[Source "chess.hu"]
[WhiteTeam "Bekesi TE"]
[BlackTeam "Neumann J. Egyetem"]
[WhiteTeamCountry "HUN"]
[BlackTeamCountry "HUN"]

1. e4 c6 2. d4 d5 3. f3 Qb6 4. Nc3 dxe4 5. fxe4 e5 6. Qf3 exd4 7. Bc4 Nf6 8. e5
dxc3 9. exf6 cxb2 10. Qe4+ Be6 11. Bxe6 Qb4+ 0-1

[Event "NB II. Toth Laszlo csoport"]
[Site "Kecskemet"]
[Date "2023.10.08"]
[Round "1.8"]
[White "Kovacs, Gabor"]
[Black "Gosztolya, Ferenc Dr"]
[Result "1-0"]
[WhiteElo "1954"]
[BlackElo "1921"]
[PlyCount "63"]
[EventDate "2023.10.08"]
[EventType "team-tourn"]
[EventRounds "9"]
[EventCountry "HUN"]
[Source "chess.hu"]
[WhiteTeam "Neumann J. Egyetem"]
[BlackTeam "Bekesi TE"]
[WhiteTeamCountry "HUN"]
[BlackTeamCountry "HUN"]

1. e4 c5 2. Nf3 Nc6 3. d4 cxd4 4. Nxd4 g6 5. c4 Bg7 6. Be3 Nf6 7. Nc3 d6 8. Be2
O-O 9. O-O Bd7 10. f3 a6 11. Qd2 Rb8 12. Rac1 b5 13. b3 b4 14. Nd5 a5 15. Kh1
Ne8 16. Nxc6 Bxc6 17. Bd4 Nc7 18. Bxg7 Kxg7 19. Qd4+ f6 20. Qa7 Bxd5 21. cxd5
Nb5 22. Bxb5 Rxb5 23. Rc7 Rf7 24. Rfc1 f5 25. R1c6 fxe4 26. Rc8 Rxd5 27. h3
exf3 28. gxf3 Rxf3 29. Rxd8 Rh5 30. Qxe7+ Kh6 31. h4 Rf4 32. Rc4 1-0

[Event "NB II. Toth Laszlo csoport"]
[Site "Kecskemet"]
[Date "2023.10.08"]
[Round "1.9"]
[White "Balog, Imre"]
[Black "Biro, Andras"]
[Result "1/2-1/2"]
[WhiteElo "1795"]
[BlackElo "1908"]
[PlyCount "59"]
[EventDate "2023.10.08"]
[EventType "team-tourn"]
[EventRounds "9"]
[EventCountry "HUN"]
[Source "chess.hu"]
[WhiteTeam "Bekesi TE"]
[BlackTeam "Neumann J. Egyetem"]
[WhiteTeamCountry "HUN"]
[BlackTeamCountry "HUN"]

1. d4 d5 2. Nf3 Nf6 3. e3 c5 4. c4 cxd4 5. Nxd4 e5 6. Nf3 Nc6 7. Be2 Bb4+ 8.
Bd2 e4 9. Nd4 Bxd2+ 10. Qxd2 Nxd4 11. Qxd4 O-O 12. O-O dxc4 13. Qxc4 Be6 14.
Qb4 Qc7 15. Nc3 Qe5 16. Rad1 a5 17. Qd4 Qxd4 18. Rxd4 Rfd8 19. Rfd1 Rxd4 20.
Rxd4 Rc8 21. h3 h6 22. a3 Kf8 23. Kf1 Ke7 24. Ke1 Rd8 25. Rxd8 Kxd8 26. Kd2 Kd7
27. Bb5+ Kd6 28. Ne2 Bd7 29. Bxd7 Nxd7 30. Kc3 1/2-1/2

[Event "NB II. Toth Laszlo csoport"]
[Site "Kecskemet"]
[Date "2023.10.08"]
[Round "1.10"]
[White "Bagi, Lajos"]
[Black "Jozaf, Csaba"]
[Result "1/2-1/2"]
[WhiteElo "1722"]
[BlackElo "1905"]
[PlyCount "72"]
[EventDate "2023.10.08"]
[EventType "team-tourn"]
[EventRounds "9"]
[EventCountry "HUN"]
[Source "chess.hu"]
[WhiteTeam "Neumann J. Egyetem"]
[BlackTeam "Bekesi TE"]
[WhiteTeamCountry "HUN"]
[BlackTeamCountry "HUN"]

1. d4 Nf6 2. Nf3 g6 3. g3 Bg7 4. Bg2 O-O 5. O-O d6 6. Nbd2 Nbd7 7. e4 e5 8. c3
c6 9. Re1 Qc7 10. Qc2 Nb6 11. Nf1 h6 12. b3 Be6 13. Bb2 Nfd7 14. Ne3 d5 15.
dxe5 dxe4 16. Qxe4 Nxe5 17. Nxe5 Qxe5 18. Qxe5 Bxe5 19. Nf5 Bxf5 20. Rxe5 Be6
21. c4 Rad8 22. Re2 Nd7 23. Ba3 Rfe8 24. Bd6 Nf6 25. Bc7 Rd7 26. Bf4 Kh7 27.
Rae1 Nh5 28. Be3 a6 29. Bb6 Ng7 30. Ba5 f5 31. f4 Bf7 32. Kf2 Rxe2+ 33. Rxe2
Ne6 34. Bb6 g5 35. fxg5 hxg5 36. Ke1 Kg6 1/2-1/2

[Event "NB II. Toth Laszlo csoport"]
[Site "Kecskemet"]
[Date "2023.10.08"]
[Round "1.11"]
[White "Kovacs, Gergo Patrik"]
[Black "Bodo, Tibor"]
[Result "1/2-1/2"]
[WhiteElo "1495"]
[BlackElo "1613"]
[PlyCount "75"]
[EventDate "2023.10.08"]
[EventType "team-tourn"]
[EventRounds "9"]
[EventCountry "HUN"]
[Source "chess.hu"]
[WhiteTeam "Bekesi TE"]
[BlackTeam "Neumann J. Egyetem"]
[WhiteTeamCountry "HUN"]
[BlackTeamCountry "HUN"]

1. c4 Nf6 2. Nc3 g6 3. d4 d6 4. Bg5 Bg7 5. Nf3 O-O 6. e3 Bg4 7. Be2 c6 8. h3
Bxf3 9. Bxf3 Nbd7 10. O-O h6 11. Bxf6 exf6 12. Re1 f5 13. e4 Qh4 14. e5 dxe5
15. dxe5 Nxe5 16. Be2 Rad8 17. Qa4 Nd3 18. Bxd3 Rxd3 19. Rad1 Rfd8 20. Rxd3
Rxd3 21. Rd1 Rxd1+ 22. Nxd1 Bd4 23. Qc2 Qf4 24. b3 Qe5 25. Qd2 f4 26. Kf1 Kg7
27. g3 fxg3 28. fxg3 c5 29. Kg2 g5 30. Nf2 f5 31. a3 Kg6 32. Qc2 Kg7 33. Qd3 h5
34. Qf3 g4 35. Qxb7+ Kg6 36. Qc6+ Kf7 37. Qd7+ Kg6 38. Qc6+ 1/2-1/2

[Event "NB II. Toth Laszlo csoport"]
[Site "Bekesszentandras"]
[Date "2023.10.08"]
[Round "1.1"]
[White "Pap, Peter"]
[Black "Fabian Nagy, Sandor"]
[Result "1-0"]
[WhiteElo "2155"]
[BlackElo "1964"]
[PlyCount "61"]
[EventDate "2023.10.08"]
[EventType "team-tourn"]
[EventRounds "9"]
[EventCountry "HUN"]
[Source "chess.hu"]
[WhiteTeam "Maroczy SE II."]
[BlackTeam "Bekesszentandras-KuTE"]
[WhiteTeamCountry "HUN"]
[BlackTeamCountry "HUN"]

1. d4 c5 2. e4 cxd4 3. Nf3 Nc6 4. Nxd4 a6 5. Nc3 e6 6. Be3 Qc7 7. Qd2 Nf6 8. f3
Be7 9. O-O-O d6 10. g4 h6 11. h4 Bd7 12. Rg1 Nxd4 13. Qxd4 Bc6 14. g5 hxg5 15.
hxg5 Nh5 16. g6 f5 17. Bc4 f4 18. Bf2 Bd7 19. Bb3 O-O-O 20. Rd3 Qc5 21. Nd5 Bf6
22. Nxf6 Qxd4 23. Rxd4 Nxf6 24. Rxd6 Rde8 25. Rgd1 Rh6 26. Bb6 e5 27. Bf7 Re7
28. Rxf6 gxf6 29. g7 Rg6 30. Bxg6 Rxg7 31. Bf5 1-0

[Event "NB II. Toth Laszlo csoport"]
[Site "Bekesszentandras"]
[Date "2023.10.08"]
[Round "1.2"]
[White "Hajdu, Istvan"]
[Black "Kevei, Peter"]
[Result "0-1"]
[WhiteElo "1804"]
[BlackElo "2126"]
[PlyCount "80"]
[EventDate "2023.10.08"]
[EventType "team-tourn"]
[EventRounds "9"]
[EventCountry "HUN"]
[Source "chess.hu"]
[WhiteTeam "Bekesszentandras-KuTE"]
[BlackTeam "Maroczy SE II."]
[WhiteTeamCountry "HUN"]
[BlackTeamCountry "HUN"]

1. e4 c5 2. Nf3 Nc6 3. Bb5 d6 4. O-O Bg4 5. h3 Bh5 6. Nc3 e6 7. a4 Nf6 8. Re1
Nd7 9. Be2 Be7 10. d3 a6 11. Be3 Bf6 12. Qd2 Qb6 13. Rab1 O-O 14. Nh2 Bg6 15.
f4 Bd4 16. Nd1 f5 17. c3 Bxe3+ 18. Qxe3 e5 19. fxe5 fxe4 20. e6 exd3 21. Bxd3
Bxd3 22. Qxd3 Nde5 23. Qe3 Qb3 24. Nf2 Rae8 25. Nf1 Nc4 26. Qe2 Rf6 27. Qd1 Qb6
28. b3 N4e5 29. Re2 Rfxe6 30. Rd2 Ne7 31. Ne3 d5 32. Nxd5 Nxd5 33. Rxd5 Ng6 34.
Kh2 c4 35. Rd2 Qc7+ 36. g3 Re3 37. Nh1 Ne5 38. Rf2 Nd3 39. Rg2 Re1 40. Qh5 R8e5
0-1

[Event "NB II. Toth Laszlo csoport"]
[Site "Bekesszentandras"]
[Date "2023.10.08"]
[Round "1.3"]
[White "Papp Z., Csaba"]
[Black "Brhlik, Gyorgy"]
[Result "1-0"]
[WhiteElo "2122"]
[BlackElo "1852"]
[PlyCount "61"]
[EventDate "2023.10.08"]
[EventType "team-tourn"]
[EventRounds "9"]
[EventCountry "HUN"]
[Source "chess.hu"]
[WhiteTeam "Maroczy SE II."]
[BlackTeam "Bekesszentandras-KuTE"]
[WhiteTeamCountry "HUN"]
[BlackTeamCountry "HUN"]

1. e4 e5 2. Nf3 Nc6 3. d4 exd4 4. Bc4 Be7 5. Nxd4 Nf6 6. O-O d6 7. Nc3 O-O 8.
f4 h6 9. h3 Nh7 10. Be3 Bf6 11. Qd2 Bd7 12. Rad1 Nxd4 13. Bxd4 Bc6 14. Nd5 a6
15. Qc3 Bxd5 16. Bxd5 c6 17. Bb3 Qe7 18. e5 dxe5 19. fxe5 Bh4 20. Bc5 Qg5 21.
Bxf8 Rxf8 22. Rd7 Bg3 23. Rdxf7 Rxf7 24. Bxf7+ Kh8 25. e6 Be5 26. Qd3 Bxb2 27.
Bg6 Qc5+ 28. Kh1 Nf8 29. Qd8 Ba3 30. Rf7 b5 31. e7 1-0